000 00936nam a2200205 a 4500
003 0
005 20250523100235.0
008 030519s19uu xx 00 eng d
050 _aPHS BV 4531.3
_b.B66 2003
100 _aBonifacio, Aaron.
245 _aA Comparative study on the improvements in spirituality, interpersonal relationships, and the emotional, psychological, philosophical, and intellectual well-being of members of youth on fire and youth of the family for Christ /
_cAaron Bonifacio.
260 _aLas PiƱas City, Philippines :
_bSouthville International School and Colleges,
_c2003.
300 _a74 pages :
_billustrations ;
_c28 cm.
504 _aIncludes bibliographical references.
650 _aChristian youth
_zPhilippines.
650 _aYouth of the Family for Christ (Organization).
650 _aPsychological well-being
_xReligious aspects.
650 _aChristian youth
_zPhilippines.
942 _2lcc
_cPASS
999 _c96766
_d96766